| 000 | 00613nam a22002057a 4500 | ||
|---|---|---|---|
| 999 |
_c19888 _d19888 |
||
| 003 | AR-CdUCM | ||
| 008 | 190409b ||||| |||| 00| 0 spa d | ||
| 040 |
_aMUNICIPALIDAD PROVINCIAL DEL CUSCO _cBIBLIOTECA MUNICIPAL DEL CUSCO |
||
| 082 |
_a869.53 / _bEL48 |
||
| 100 |
_aElorrieta vda. de Aranzábal, Genara _930485 |
||
| 245 | _aFueron tres vidas / | ||
| 260 |
_aCusco : _bGarcilaso, _c1950. |
||
| 300 |
_a140 páginas : _c24 cm. |
||
| 505 | _aContenido: Novela. | ||
| 650 |
_aLiteratura Peruana _9132 |
||
| 650 |
_aNovela costumbrista _99343 |
||
| 650 |
_aCusco _9772 |
||
| 942 |
_2ddc _cLIBROS |
||
| 945 | _arcc | ||